zpět

Detail výsledku týmu

Cabaret café bar, Olomouc

Datum a čas kvízu

30.5 Celkem bodů Celkový počet nahraných bodů na tomto kvízu bez doplňovacích otázek.
3. Pořadí na kvízu Konečné umístění týmu na tomto kvízu.

Zaznamenané odpovědi

# Otázka Odpověď Body Výsledky
1. Jedenáct klavírů a pian českéh... Karel Komárek 0
2. Rusko začalo distribuovat prvn... Sputnik 0
3. Minulý týden jsme se dozvěděli... Christopher Lambert 1
4. Američtí biologové naklonovali... Převalského 1
5. Srbský tenista Novak Djoković... Trefil mimo hru čárovou rozhodčí. 1
6. Nobelova cena je od roku 1901... ekonomie 0
7. Pouze dvěma Čechům v historii... Jaroslav Heyrovský, Jaroslav Seifert 1
8. V roce 1954 obdržel Nobelovu c... Ernest Hemingway, Stařec a moře 0
9. Přiřaďte laureáty Nobelových c... 1C 2B 3A 4D 0
10. Vyberte nepravdivé tvrzení o p... C 1